000 00776nam a22002175i 4500
001 162916
003 ES-MaACL
005 20250830111232.0
008 050712s1861 fr |||| | fre d
040 _aCAM
_bspa
_cCAM
100 1 _aRamière, Henry (
_d1821-1884)
_9131575
245 1 4 _aLes espérances de l'église /
_cpar le P. H. Ramière de la Compagnie de Jésus.
260 _aParis ;
_aLyon :
_blibriarie Catholique et Classique de Périsse Frères,
_c1861 (
_eLe Puy :
_fImprimerie Machessou)
300 _aXXVIII, 756 p. ;
_c18 cm.
610 2 4 _aIglesia Católica
_94639
752 _aFrancia -
_dParis
752 _aFrancia -
_dLyon
752 _aFrancia -
_dLe Puy en Velay
852 _aES-MaACL
_jD-2032
_z- Enc. hol.
999 _c162916
_d162916